| 000 | 00840nam a22002057a 4500 | ||
|---|---|---|---|
| 010 | _a1617CH-EN | ||
| 020 |
_a9789382454311 _c120.00 |
||
| 035 | _aB-646811-826 | ||
| 035 | _aB-664783 | ||
| 037 |
_aDPL _bStar/Ven. |
||
| 082 | _aS | ||
| 100 | _aNavale, Malavika | ||
| 245 |
_aTreasures from tibet / _cby Malavika Navale |
||
| 260 |
_bKatha _c2015 _aNew Delhi |
||
| 270 |
_aA3 Sarvodaya Enclave, Sri Aurobindo Marg, _bNew Delhi _e110017 |
||
| 300 |
_a32p. _c23cm(pbk) |
||
| 942 |
_2ddc _cCH _mNAV _hS |
||
| 999 |
_c100865 _d100865 |
||